Focus (Record no. 81402)
[ view plain ]
| 000 -LEADER | |
|---|---|
| fixed length control field | 01202cab a22002415a 4500 |
| 001 - CONTROL NUMBER | |
| control field | L147138 |
| 008 - FIXED-LENGTH DATA ELEMENTS--GENERAL INFORMATION | |
| fixed length control field | 090406e20090328xxkad f 000 0 eng d |
| 035 ## - SYSTEM CONTROL NUMBER | |
| System control number | (Sirsi) u147138 |
| 041 0# - LANGUAGE CODE | |
| Language code of text/sound track or separate title | eng |
| 100 1# - MAIN ENTRY--PERSONAL NAME | |
| Personal name | Thame, David |
| 245 00 - TITLE STATEMENT | |
| Title | Focus |
| Remainder of title | Greater Manchester |
| 260 ## - PUBLICATION, DISTRIBUTION, ETC. | |
| Date of publication, distribution, etc. | 2009 |
| 490 ## - SERIES STATEMENT | |
| Series statement | Estates Gazette |
| Volume/sequential designation | (0912) 28 March 2009, 59-87(22 ) |
| 520 ## - SUMMARY, ETC. | |
| Summary, etc. | Reveals that there are some winners in the recession and looks at how agents are doing their best to let vacant office and retail spaces. Reports on redundancies in Manchester's property sector. Presents results of the local sentiment survey for the first quarter, 2009. Explains that the residential strategy for The Rock scheme in Bury is being reconsidered. Considers the situation developers find themselves in following the ending of debt funding by the banks and asks whether or not the New Islington regeneration scheme can saved following the withdrawal of the developer. |
| 590 ## - LOCAL NOTE (RLIN) | |
| Local note | KA |
| 651 #4 - SUBJECT ADDED ENTRY--GEOGRAPHIC NAME | |
| Geographic name | Manchester |
| 690 ## - LOCAL SUBJECT ADDED ENTRY--TOPICAL TERM (OCLC, RLIN) | |
| Topical term or geographic name as entry element | PROPERTY-COMMERCIAL PROPERTY-COMMERCIAL PROPERTY MARKET |
| 700 1# - ADDED ENTRY--PERSONAL NAME | |
| Personal name | Cunningham, Daniel |
| 700 1# - ADDED ENTRY--PERSONAL NAME | |
| Personal name | Meadwell, Stacey |
| 700 1# - ADDED ENTRY--PERSONAL NAME | |
| Personal name | Elghamry, Nadia |
| 700 1# - ADDED ENTRY--PERSONAL NAME | |
| Personal name | Roxburgh, Helen |
| 942 ## - ADDED ENTRY ELEMENTS (KOHA) | |
| Suppress in OPAC | 0 |
| Withdrawn status | Lost status | Source of classification or shelving scheme | Damaged status | Not for loan | Home library | Current library | Shelving location | Date acquired | Total Checkouts | Full call number | Barcode | Date last seen | Copy number | Price effective from | Koha item type |
|---|---|---|---|---|---|---|---|---|---|---|---|---|---|---|---|
| Dewey Decimal Classification | London | London | Journal article | 06/04/2009 | L147138 | 147138-1001 | 06/08/2019 | 1 | 06/08/2019 | Journal article |